000 00395nam a2200157Ia 4500
003 GCL
008 140319s9999 xx 000 0 eng d
040 _aGCL /
_cGCL
082 0 4 _a956
_bS S
100 1 _aSANDVIG, ANDERS
245 1 0 _aSILENCED AND DEFAMED /
_cSANDVIG, ANDERS
260 _a[S.N] :
_bCOURAGE ،
_c1996
300 _a100 P
650 0 4 _aISRAEL - ARAB CONFLICT
942 _2ddc
_cBK
999 _c14049
_d14049